| 000 | 01665nam0a2200385 i 4500 | ||
|---|---|---|---|
| 001 | RU\NLR\BIBL_A\010306711 | ||
| 005 | 20260406155408.0 | ||
| 010 |
_a9785389067882 _94000 |
||
| 021 |
_aRU _b2014-11326 _9726 |
||
| 035 | _a(NILC)RuMoRGB-006747600 | ||
| 035 | _a(NLR Aleph) 010306711 | ||
| 090 |
_a10621222 _c10621222 |
||
| 100 | _a20140416d2013 um y0rusy50 ca | ||
| 101 | 1 |
_arus _cita |
|
| 102 | _aRU | ||
| 105 | _ay|||z||||00yy | ||
| 200 | 1 |
_aМалое собрание сочинений _fНикколо Макиавелли _g[пер. с итал. Г. Муравьевой, Н. Рыковой _gотв. ред. Кирилл Красник] |
|
| 210 |
_aСанкт-Петербург _cАзбука _dпеч. 2013 _d(макет 2014) |
||
| 215 |
_a573, [2] с. _d22 |
||
| 320 | _aБиблиогр. в подстроч. примеч. | ||
| 327 | 1 | _aсодерж.: Государь; История Флоренции | |
| 464 | 0 |
_12001#$aГосударь$aИстория Флоренции _tИстория Флоренции |
|
| 600 | 1 |
_aМакиавелли _bН. _f1469 - 1527 _gНикколо _xГосударственно-правовые взгляды _91513910 _3RU\NLR\AUTH\66657414 |
|
| 675 | _a94(450.521)<653> | ||
| 686 | 1 | _aХ1(4Ит)403 | |
| 686 | 1 | _aШ6(4Ит)437я44(Лх1603-40) | |
| 700 | 1 |
_8rus _7ca _aМакиавелли _bН. _f1469-1527 _gНикколо _3RU\NLR\AUTH\777637 _9117570 |
|
| 702 | 1 |
_aКрасник _bК. _gКирилл _4340 |
|
| 801 | 0 |
_aRU _bRuMoRKP _c20140227 _gRCR |
|
| 801 | 2 |
_aRU _bРГБ _c20140401 _grcr |
|
| 942 | _cBOOK | ||
| 980 | _aNBR | ||